LEADER 00915nam a2200253 i 4500 001 991002132909707536 005 20020503161435.0 008 940718s1993 it ||| | ita 020 $a8842801054 035 $ab10321020-39ule_inst 035 $aEXGIL97992$9ExL 040 $aDip.to Filol. Ling. e Lett.$bita 100 1 $aEagleton, Terry$0123654 245 10$aChe cos'è l'ideologia /$cTerry Eagleton 260 $aMilano :$bIl saggiatore,$c1993. - 302 p. ; 19 cm. 440 3$aLa cultura. Discussioni ;$v5 650 4$aIdeologia 740 0 $aIdeology $ban introduction / traduzione di Stefano Negrini 907 $a.b10321020$b02-04-14$c27-06-02 912 $a991002132909707536 945 $aLE008 FL.M. (IN) F 159$g1$i2008000182403$lle008$o-$pE0.00$q-$rl$s- $t0$u0$v0$w0$x0$y.i10378248$z27-06-02 996 $aIdeology$927662 997 $aUNISALENTO 998 $ale008$b01-01-94$cm$da $e-$fita$git $h0$i1 LEADER 01366nam 2200385 450 001 996575460403316 005 20230124195654.0 010 $a1-7281-1470-5 035 $a(CKB)4100000008419320 035 $a(WaSeSS)IndRDA00121550 035 $a(EXLCZ)994100000008419320 100 $a20200406d2018 uy 0 101 0 $aeng 135 $aur||||||||||| 181 $ctxt$2rdacontent 182 $cc$2rdamedia 183 $acr$2rdacarrier 200 10$a2018 3rd International Conference on Information Technology Research $e5-7 December 2018, Moratuwa, Sri Lanka /$fIEEE Computer Society 210 1$aPiscataway, New Jersey :$cInstitute of Electrical and Electronics Engineers,$d2018. 215 $a1 online resource (33 pages) 311 $a1-7281-1471-3 606 $aInformation technology$xResearch$vCongresses 606 $aComputer science$xResearch$vCongresses 606 $aCommunication and technology$xResearch$vCongresses 615 0$aInformation technology$xResearch 615 0$aComputer science$xResearch 615 0$aCommunication and technology$xResearch 676 $a004.072 712 02$aIEEE Computer Society, 801 0$bWaSeSS 801 1$bWaSeSS 906 $aPROCEEDING 912 $a996575460403316 996 $a2018 3rd International Conference on Information Technology Research$92545575 997 $aUNISA